000 00601nam a2200193 a 4500
001 000023083
005 20200930021957.0
008 101126s1995 mx a r 000 | spa d
020 _a9686733272
040 _aDO-SdBNP
_bspa
_cBNPHU
082 _axxx
_bM963d
100 1 _aMunamauta, Chamalú
_947524
245 1 0 _aPachamama :
_bel despertar de la guerrera /
_cChamalú Munamauta; prólogo por Antonio Velasco Piña.
260 _aMéxico :
_bYug,
_c1995.
300 _a152 p. :
_bil. ;
_c20cm.
490 _aEsoterismo y Realidad,
_v43
830 0 _aEsoterismo y Realidad;
_v43
_947525
049 _aBNGR
999 _c22580
_d22580